Gramática italiana y método para aprenderla / (Record no. 32740)

MARC details
000 -LEADER
campo de control de longitud fija 00617nam a2200205 i 4500
001 - NÚMERO DE CONTROL
campo de control 32740
003 - IDENTIFICADOR DE NÚMERO DE CONTROL
campo de control ES-MaACL
005 - FECHA Y HORA DE LA ÚLTIMA TRANSACCIÓN
campo de control 20230906154628.0
007 - CAMPO FIJO DE DESCRIPCIÓN FÍSICA--INFORMACIÓN GENERAL
campo de control de longitud fija t|
008 - DATOS DE LONGITUD FIJA--INFORMACIÓN GENERAL
campo de control de longitud fija 030131s1928 sp ||||1| spa d
080 ## - NÚMERO DE LA CLASIFICACIÓN DECIMAL UNIVERSAL
Número de la Clasificación Decimal Universal 811.131.1'36
100 1# - ENTRADA PRINCIPAL--NOMBRE DE PERSONA
Nombre de persona Benot, Eduardo.
9 (RLIN) 27763
245 10 - MENCIÓN DEL TÍTULO
Título Gramática italiana y método para aprenderla /
Mención de responsabilidad, etc. por Eduardo Benot.
250 ## - MENCION DE EDICION
Mención de edición 7ª ed.
260 ## - PUBLICACIÓN, DISTRIBUCIÓN, ETC.
Lugar de publicación, distribución, etc. Madrid :
Nombre del editor, distribuidor, etc. [s.n.],
Fecha de publicación, distribución, etc. 1928 (
Fabricante Imp. Editorial Hernando)
300 ## - DESCRIPCIÓN FÍSICA
Extensión 2 v. ;
Dimensiones 22 cm.
594 ## - Nota al título y mención de responsabilidad
Nota al título y mención de responsabilidad Precede al título: Ollendorff reformado.
650 04 - PUNTO DE ACCESO ADICIONAL DE MATERIA--TÉRMINO DE MATERIA
Término de materia o nombre geográfico como elemento de entrada Lengua italiana-
Subdivisión general Gramática.
9 (RLIN) 14290
852 ## - LOCALIZACIÓN
Ubicación ES-MaACL
Número de control de estantería A-4625-26
Holdings
Estatus retirado Estado de pérdida Estado de daño No para préstamo Biblioteca de origen Biblioteca actual Ubicación en estantería Fecha de adquisición Fuente de adquisición Total de préstamos Signatura topográfica completa Código de barras Visto por última vez Precio de reemplazo Tipo de ítem Koha
        Biblioteca del Ateneo de Madrid Biblioteca del Ateneo de Madrid Sala Pecera Planta 1 17/01/2008     A-4625-26 1033965 23/02/2023 23/02/2023 Libro impreso